[Event "Bruges Masters 2018"]
[Site "Brugge"]
[Date "2018.08.16"]
[Round "5"]
[White "Mehar, Chinna Reddy C H"]
[Black "Nikolov, Momchil"]
[Result "1/2-1/2"]
[WhiteElo "2345"]
[BlackElo "2549"]
[Annotator "TA"]
[PlyCount "55"]
[EventDate "2018.08.12"]
[EventType "swiss"]
[EventCountry "BEL"]
[SourceTitle "playchess.com"]
[Source "ChessBase"]
[SourceQuality "1"]

{[%evp 17,55,0,-2,-12,-23,-9,0,0,0,0,7,0,0,-5,0,-18,-22,-23,-10,-17,9,0,9,-74,-88,-102,-58,-64,-24,-38,-14,0,-3,-64,-70,-75,-38,-36,-11,-9]} 1. d4 Nf6 2. Bf4 d5 3. e3 c5 4. c3 Nc6 5. Nd2 Bf5 6. Qb3 {D00: 1 d4 d5: Unusual lines} (6. Ngf3 e6 7. Be2 Bd6 8. dxc5 Bxc5 9. Nd4 Bg6 10. Qa4 O-O 11. Nxc6 bxc6 12. Qxc6 Rc8 13. Qa4 Re8 14. O-O e5 {0-1 (57) Le,Q (2737)-Ding,L (2777) Riadh 2017}) 6... Qd7 7. Ngf3 c4 8. Qd1 e6 9. Be2 b5 {LiveBook: 7 Games} 10. Ne5 Nxe5 11. Bxe5 $146 ({Predecessor:} 11. dxe5 Ne4 12. Nxe4 Bxe4 {0-1 (27) Ormsby,A (2037)-Meillon,G ICCF email 2013}) 11... Ne4 (11... Bd6 {feels hotter.} 12. O-O O-O 13. h4 a5 14. g4 Bg6) 12. Nxe4 Bxe4 13. O-O f6 14. Bg3 Bd6 15. Bxd6 Qxd6 16. f3 Bg6 17. a4 b4 18. b3 cxb3 19. Qxb3 a5 20. c4 {[#]} (20. Rfc1 $11) 20... dxc4 $1 $17 21. Bxc4 Bf7 22. f4 {[%cal Bf3f4,Bf4f5][%mdl 32]} O-O 23. f5 e5 24. Bxf7+ Rxf7 25. Rac1 ({White should play} 25. Qe6 $1 $11 Qxe6 26. fxe6) 25... exd4 $15 26. Rfd1 Kf8 27. Rxd4 Qb6 28. Qd5 {Precision: White = 52%, Black = 49%.} 1/2-1/2

[Event "Bruges Masters 2018"]
[Site "Brugge"]
[Date "2018.08.16"]
[Round "5"]
[White "Rajesh, V A V"]
[Black "Geirnaert, Steven"]
[Result "1-0"]
[WhiteElo "2325"]
[BlackElo "2427"]
[Annotator "ChessBase"]
[PlyCount "83"]
[EventDate "2018.08.12"]
[EventType "swiss"]
[EventCountry "BEL"]
[SourceTitle "playchess.com"]
[Source "ChessBase"]
[SourceQuality "1"]
[TimeControl "5400+30"]

1. d4 {[%emt 0:00:00]} Nf6 {[%emt 0:04:07]} 2. c4 {[%emt 0:00:00]} e6 {[%emt 0:00:07]} 3. Nc3 {[%emt 0:00:00]} Bb4 {[%emt 0:00:06]} 4. e3 {[%emt 0:00:10]} O-O {[%emt 0:00:07]} 5. Bd3 {[%emt 0:00:07]} d5 {[%emt 0:00:24]} 6. Nge2 {[%emt 0:00:28]} c5 {[%emt 0:00:12]} 7. cxd5 {[%emt 0:01:50]} exd5 {[%emt 0:01:19]} 8. O-O {[%emt 0:00:45]} cxd4 {[%emt 0:07:03]} 9. exd4 {[%emt 0:00:06]} Nc6 {[%emt 0:01:11]} 10. Bg5 {[%emt 0:00:55]} Be7 {[%emt 0:01:58]} 11. Rc1 {[%emt 0:05:56]} Re8 {[%emt 0:07:56]} 12. Re1 {[%emt 0:03:07]} Be6 {[%emt 0:15:02]} 13. Nf4 {[%emt 0:04:33]} Nxd4 {[%emt 0:02:00]} 14. Bxh7+ {[%emt 0:01:00]} Nxh7 {[%emt 0:01:13]} 15. Bxe7 {[%emt 0:00:19]} Qxe7 {[%emt 0:06:30]} 16. Qxd4 {[%emt 0:02:56]} Qf6 {[%emt 0:00:37]} 17. Nb5 {[%emt 0:02:41]} Rac8 {[%emt 0:07:03]} 18. Qxf6 {[%emt 0:06:31]} Nxf6 {[%emt 0:00:10]} 19. Nc7 {[%emt 0:01:48]} Red8 {[%emt 0:00:17]} 20. Ncxe6 {[%emt 0:00:52]} fxe6 {[%emt 0:00:22]} 21. Nxe6 {[%emt 0:00:06]} Re8 {[%emt 0:00:31]} 22. Rxc8 {[%emt 0:00:32]} Rxc8 {[%emt 0:00:05]} 23. Nd4 {[%emt 0:00:06]} Rc4 {[%emt 0:00:45]} 24. Rd1 {[%emt 0:00:07]} Ng4 {[%emt 0:00:53]} 25. h3 {[%emt 0:00:19]} Nf6 {[%emt 0:03:35]} 26. f3 {[%emt 0:01:16]} b5 {[%emt 0:00:37]} 27. b3 {[%emt 0:00:25]} Rc5 {[%emt 0:00:09]} 28. Rd2 {[%emt 0:01:48]} Rc1+ {[%emt 0:05:05]} 29. Kf2 {[%emt 0:00:06]} a6 {[%emt 0:00:14]} 30. Ne2 {[%emt 0:02:19]} Rc7 {[%emt 0:03:16]} 31. Ke3 {[%emt 0:00:37]} Kf7 {[%emt 0:00:06]} 32. Nf4 {[%emt 0:00:33]} Re7+ {[%emt 0:04:06]} 33. Kd4 {[%emt 0:00:07]} g5 {[%emt 0:00:32]} 34. Nd3 {[%emt 0:00:09]} Ke8 {[%emt 0:00:17]} 35. Nb4 {[%emt 0:01:04]} a5 {[%emt 0:02:09]} 36. Nc6 {[%emt 0:04:52]} Rc7 {[%emt 0:00:02]} 37. Rc2 {[%emt 0:00:15]} a4 {[%emt 0:00:57]} 38. Nb4 {[%emt 0:09:58]} axb3 {[%emt 0:00:15]} 39. axb3 {[%emt 0:00:04]} Rd7 {[%emt 0:04:16]} 40. Kc5 {[%emt 0:00:29]} Rc7+ {[%emt 0:08:26]} 41. Kd6 {[%emt 0:00:24]} Re7 {[%emt 0:01:10]} 42. Nxd5 {[%emt 0:01:14]} 1-0

[Event "Bruges Masters 2018"]
[Site "Brugge"]
[Date "2018.08.16"]
[Round "5"]
[White "Dauw, Sterre"]
[Black "Lai, Hing Ting"]
[Result "0-1"]
[WhiteElo "2192"]
[BlackElo "2459"]
[Annotator "ChessBase"]
[PlyCount "100"]
[EventDate "2018.08.12"]
[EventType "swiss"]
[EventCountry "BEL"]
[SourceTitle "playchess.com"]
[Source "ChessBase"]
[SourceQuality "1"]
[TimeControl "5400+30"]

1. e4 {[%emt 0:10:42]} g6 {[%emt 0:03:42]} 2. d4 {[%emt 0:00:05]} Bg7 {[%emt 0:00:04]} 3. Nc3 {[%emt 0:00:04]} d6 {[%emt 0:00:06]} 4. Be3 {[%emt 0:00:05]} a6 {[%emt 0:00:05]} 5. Be2 {[%emt 0:00:04]} b5 {[%emt 0:00:09]} 6. Bf3 {[%emt 0:00:06]} Nd7 {[%emt 0:01:35]} 7. h4 {[%emt 0:00:11]} e5 {[%emt 0:02:22]} 8. h5 {[%emt 0:00:32]} Bb7 {[%emt 0:01:44]} 9. h6 {[%emt 0:06:11]} Bf6 {[%emt 0:01:03]} 10. Bg4 {[%emt 0:01:30]} b4 {[%emt 0:02:59]} 11. Nd5 {[%emt 0:01:54]} Bxd5 {[%emt 0:00:10]} 12. Bxd7+ {[%emt 0:00:19]} Qxd7 {[%emt 0:00:22]} 13. exd5 {[%emt 0:00:07]} Qb5 {[%emt 0:09:56]} 14. dxe5 {[%emt 0:07:40]} Bxe5 {[%emt 0:00:35]} 15. Nf3 {[%emt 0:00:06]} Ne7 {[%emt 0:05:16]} 16. Nxe5 {[%emt 0:01:53]} dxe5 {[%emt 0:00:04]} 17. Qf3 {[%emt 0:00:49]} Nxd5 {[%emt 0:01:37]} 18. O-O-O {[%emt 0:02:12]} c6 {[%emt 0:00:54]} 19. Bg5 {[%emt 0:01:38]} f5 {[%emt 0:05:10]} 20. Qg3 {[%emt 0:02:02]} Qb8 {[%emt 0:02:00]} 21. Rhe1 {[%emt 0:06:18]} e4 {[%emt 0:01:22]} 22. Qxb8+ {[%emt 0:04:31]} Rxb8 {[%emt 0:00:01]} 23. f3 {[%emt 0:00:08]} O-O {[%emt 0:00:06]} 24. fxe4 {[%emt 0:00:03]} fxe4 {[%emt 0:00:06]} 25. Rxe4 {[%emt 0:00:05]} Rbe8 {[%emt 0:02:54]} 26. Rxe8 {[%emt 0:11:44]} Rxe8 {[%emt 0:00:01]} 27. a3 {[%emt 0:00:09]} bxa3 {[%emt 0:04:00]} 28. bxa3 {[%emt 0:03:56]} Re4 {[%emt 0:00:04]} 29. Bd2 {[%emt 0:01:29]} Kf7 {[%emt 0:07:53]} 30. Rf1+ {[%emt 0:02:53]} Ke7 {[%emt 0:00:11]} 31. Rf2 {[%emt 0:00:26]} c5 {[%emt 0:04:55]} 32. Bg5+ {[%emt 0:02:43]} Ke8 {[%emt 0:03:15]} 33. Kb2 {[%emt 0:04:54]} c4 {[%emt 0:05:12]} 34. Bf6 {[%emt 0:04:12]} Ne3 {[%emt 0:02:12]} 35. Rd2 {[%emt 0:02:46]} Nf5 {[%emt 0:05:15]} 36. Rd8+ {[%emt 0:00:35]} Kf7 {[%emt 0:00:02]} 37. Bc3 {[%emt 0:00:37]} g5 {[%emt 0:02:12]} 38. Ra8 {[%emt 0:06:00]} Re6 {[%emt 0:03:20]} 39. Bd2 {[%emt 0:00:29]} Rxh6 {[%emt 0:11:38]} 40. Ra7+ {[%emt 0:01:36]} Ke8 {[%emt 0:00:22]} 41. Bxg5 {[%emt 0:02:16]} Rg6 {[%emt 0:00:09]} 42. g4 {[%emt 0:01:50]} Nd4 {[%emt 0:00:17]} 43. Be3 {[%emt 0:00:27]} c3+ {[%emt 0:00:32]} 44. Kb1 {[%emt 0:00:54]} Rb6+ {[%emt 0:01:25]} 45. Kc1 {[%emt 0:00:43]} Re6 {[%emt 0:00:01]} 46. Bf2 {[%emt 0:03:34]} Re2 {[%emt 0:03:55]} 47. Ra8+ {[%emt 0:01:17]} Kd7 {[%emt 0:00:34]} 48. Ra7+ {[%emt 0:02:48]} Kc8 {[%emt 0:01:33]} 49. Ra8+ {[%emt 0:01:22]} Kb7 {[%emt 0:00:14]} 50. Rd8 {[%emt 0:00:17]} Rxc2+ {[%emt 0:00:23]} 0-1

[Event "Bruges Masters 2018"]
[Site "Brugge"]
[Date "2018.08.16"]
[Round "5"]
[White "Damen, Jip"]
[Black "Chernov, Vadim"]
[Result "0-1"]
[WhiteElo "2183"]
[BlackElo "2412"]
[Annotator "TA"]
[PlyCount "124"]
[EventDate "2018.08.12"]
[EventType "swiss"]
[EventCountry "BEL"]
[SourceTitle "playchess.com"]
[Source "ChessBase"]
[SourceQuality "1"]

{[%evp 18,124,6,0,12,0,0,0,0,-22,12,0,14,7,13,12,42,18,24,23,52,23,36,0,0,0,17,11,43,-14,-25,0,199,69,44,-164,0,0,0,0,0,0,148,-67,-58,-96,213,34,23,24,43,35,38,33,33,45,52,42,58,55,45,0,0,0,12,19,12,21,24,0,0,0,0,0,28,0,0,0,0,0,0,0,0,0,0,0,0,0,0,0,0,0,0,0,0,-314,0,-383,-397,-472,-484,-639,-662,-735,-707,-12844,-12844,-12845,-12845]} 1. e4 c6 2. Nc3 d5 3. Nf3 Bg4 4. h3 Bxf3 5. Qxf3 e6 6. g3 Bc5 {B11: Caro-Kann: Two Knights Variation} (6... Nd7 7. Bg2 Bc5 8. Qg4 g6 9. Qe2 Ne7 10. O-O Qc7 11. Na4 Bd6 12. d4 dxe4 13. Qxe4 O-O 14. c4 {0-1 (40) Ponkratov,P (2613)-Saric,I (2669) Riadh 2017}) 7. Bg2 Ne7 8. O-O Nd7 9. Qe2 O-O 10. d3 {LiveBook: 5 Games} a5 11. a4 $146 ({Predecessor:} 11. Kh1 b5 12. f4 b4 13. Na4 Ba7 14. c4 Nc5 15. Nxc5 Bxc5 16. cxd5 cxd5 {½-½ (36) Pridorozhni,A (2540)-Mozharov,M (2536) Voronezh 2017}) 11... Qc7 12. exd5 Nxd5 13. Ne4 Be7 14. d4 N7f6 15. Ng5 Qb6 16. c3 Qa6 17. Qc2 Rfd8 18. Re1 b5 19. Bf1 {[%cal Bg2f1,Bf1d3,Bd3h7][%mdl 32]} Qb6 20. Bd3 {[%cal Rd3h7]} h6 21. Bh7+ Kf8 22. Nf3 b4 23. Ne5 ({Better is} 23. c4 $14 b3 24. Qb1) 23... bxc3 $1 $11 24. bxc3 Nxc3 $2 (24... Qc7 $11) 25. Nxf7 ({Stronger than} 25. Qxc3 Nxh7 26. Qf3 Nf6 $11) (25. Bg6 $1 $18) 25... Kxf7 $14 26. Qg6+ Kf8 {[#]} 27. Bxh6 $1 {[%mdl 512]} gxh6 28. Rxe6 Ncd5 29. Rae1 {Threatening mate with Rxe7!} Qxd4 (29... Nxh7 $11 {keeps the balance.} 30. Qxh6+ Ke8 31. Qxh7 Ra7 32. Qh5+ Kd7 33. Qxd5+ cxd5 34. Rxb6 Bd6) 30. R1e5 $2 (30. Qxh6+ $16 Ke8 31. Bf5) 30... Nxh7 $15 31. Qxh7 {aiming for Rxd5!} Ra7 $2 {[%mdl 8192]} (31... Bf6 $17 {keeps the pressure on.} 32. Rf5 Ra7 33. Qxh6+ Rg7) 32. Qg6 $2 {[#]} (32. Qf5+ $1 $18 Bf6 33. Rxf6+ Nxf6 34. Qxf6+ Kg8 35. Re8+ $1 {[%mdl 512]} Rxe8 36. Qxd4) 32... Rd6 $1 $14 33. Qxh6+ $1 (33. Rxd6 Qxe5) 33... Ke8 34. Qh8+ Kd7 $1 35. Rxd6+ Kxd6 {[#]} 36. Re6+ $1 {[%mdl 512]} Kxe6 37. Qxd4 Rb7 38. Qg4+ {[%mdl 1024] White has compensation.} Kd6 39. Qg6+ Bf6 $1 40. h4 Kc5 41. Qc2+ Bc3 $1 42. h5 Rb2 43. Qc1 Ra2 44. Kg2 Rxa4 45. h6 Re4 46. Kf3 Re1 47. Qc2 Rh1 48. h7 Kb4 49. Qe4+ Kb3 50. Kg2 Rh6 51. g4 $1 {[%cal Bg3g4,Bg4g5][%mdl 32]} a4 52. Qb1+ Kc4 53. Qe4+ Kb5 54. g5 Rh5 $1 55. f4 (55. Qe2+ $2 Kc5 $17) 55... a3 {And now ...Rxh7! would win.} 56. Kg3 $2 {[%mdl 8192] [#]} (56. g6 $11) 56... Kb6 $2 ({Worse is} 56... a2 57. Qe2+ Kc5 58. Qxa2 $11) (56... Rxh7 $1 $19 {[%mdl 512] Hoping for ...Ra7.} 57. Qd3+ (57. Qxh7 a2) 57... Kb6 58. Qb1+ Bb2) 57. Qc2 $2 {[%mdl 8192] [#]} (57. Qb1+ $11 Kc7 58. Qg1 Rxh7 59. Qa7+ Kc8 60. Qxa3 (60. Qxh7 $2 {too greedy.} a2 $19)) 57... Rxh7 $1 $19 {[%mdl 512] ...Be1+ is the strong threat.} 58. Qb3+ {[#]} (58. Qxh7 a2) 58... Bb4 $1 {Black is clearly winning.} 59. f5 Re7 {( -> ...Re3+)} 60. Kg4 Re2 61. g6 a2 62. Qa4 Bc3 {Precision: White = 38%, Black = 53%.} 0-1

[Event "Bruges Masters 2018"]
[Site "Brugge"]
[Date "2018.08.16"]
[Round "5"]
[White "Hill, Alistair"]
[Black "Ravi, Teja S."]
[Result "1/2-1/2"]
[WhiteElo "2176"]
[BlackElo "2374"]
[Annotator "ChessBase"]
[PlyCount "83"]
[EventDate "2018.08.12"]
[EventType "swiss"]
[EventCountry "BEL"]
[SourceTitle "playchess.com"]
[Source "ChessBase"]
[SourceQuality "1"]
[TimeControl "5400+30"]

1. Nf3 {[%emt 0:03:39]} d5 {[%emt 0:02:24]} 2. g3 {[%emt 0:00:06]} c6 {[%emt 0:00:27]} 3. Bg2 {[%emt 0:00:05]} Bg4 {[%emt 0:00:07]} 4. O-O {[%emt 0:00:22]} Nd7 {[%emt 0:00:08]} 5. h3 {[%emt 0:00:25]} Bh5 {[%emt 0:03:38]} 6. c4 {[%emt 0:00:08]} e6 {[%emt 0:00:10]} 7. d3 {[%emt 0:01:00]} Ngf6 {[%emt 0:00:26]} 8. cxd5 {[%emt 0:00:09]} exd5 {[%emt 0:02:38]} 9. Qb3 {[%emt 0:01:12]} Qb6 {[%emt 0:02:26]} 10. Qxb6 {[%emt 0:06:00]} axb6 {[%emt 0:01:25]} 11. g4 {[%emt 0:00:12]} Bg6 {[%emt 0:00:05]} 12. Bf4 {[%emt 0:00:05]} Bc5 {[%emt 0:05:28]} 13. Nbd2 {[%emt 0:00:08]} O-O {[%emt 0:05:24]} 14. Nb3 {[%emt 0:06:08]} Be7 {[%emt 0:05:13]} 15. Nbd4 {[%emt 0:00:05]} Ra4 {[%emt 0:01:52]} 16. b3 {[%emt 0:09:38]} Ra3 {[%emt 0:01:13]} 17. Nc2 {[%emt 0:00:04]} Raa8 {[%emt 0:01:37]} 18. a4 {[%emt 0:00:29]} Nc5 {[%emt 0:14:21]} 19. Ncd4 {[%emt 0:06:43]} Nfd7 {[%emt 0:02:48]} 20. Rad1 {[%emt 0:15:52]} Rfe8 {[%emt 0:04:09]} 21. Rfe1 {[%emt 0:01:48]} Na6 {[%emt 0:07:03]} 22. e3 {[%emt 0:04:26]} Bb4 {[%emt 0:03:48]} 23. Re2 {[%emt 0:00:49]} Ndc5 {[%emt 0:02:56]} 24. Ne5 {[%emt 0:02:22]} Bc3 {[%emt 0:02:59]} 25. Rc2 {[%emt 0:06:26]} Bxd4 {[%emt 0:04:02]} 26. exd4 {[%emt 0:00:03]} Nb4 {[%emt 0:02:25]} 27. Rcd2 {[%emt 0:00:52]} Nxb3 {[%emt 0:03:30]} 28. Rb2 {[%emt 0:00:17]} Nxd4 {[%emt 0:00:49]} 29. Nxg6 {[%emt 0:00:28]} hxg6 {[%emt 0:01:27]} 30. Rxb4 {[%emt 0:02:49]} Ne2+ {[%emt 0:00:10]} 31. Kf1 {[%emt 0:00:06]} c5 {[%emt 0:00:23]} 32. Bf3 {[%emt 0:13:01]} Nc3 {[%emt 0:01:06]} 33. Rxb6 {[%emt 0:00:54]} Rxa4 {[%emt 0:00:23]} 34. Rc1 {[%emt 0:07:37]} Rxf4 {[%emt 0:00:28]} 35. Rxc3 {[%emt 0:00:02]} d4 {[%emt 0:01:07]} 36. Rxc5 {[%emt 0:00:49]} Rxf3 {[%emt 0:00:06]} 37. Kg2 {[%emt 0:00:55]} Rxd3 {[%emt 0:02:08]} 38. Rxb7 {[%emt 0:00:05]} Ra3 {[%emt 0:05:48]} 39. Rcc7 {[%emt 0:00:30]} Rf8 {[%emt 0:00:07]} 40. Rd7 {[%emt 0:00:25]} d3 {[%emt 0:00:09]} 41. Rb4 {[%emt 0:00:33]} Rc8 {[%emt 0:00:44]} 42. Rbb7 {[%emt 0:00:38]} 1/2-1/2

[Event "Bruges Masters 2018"]
[Site "Brugge"]
[Date "2018.08.16"]
[Round "6"]
[White "Zeng, Chongsheng"]
[Black "Hu Yik Kwan"]
[Result "1-0"]
[WhiteElo "2539"]
[BlackElo "1504"]
[Annotator "RC"]
[PlyCount "87"]
[EventDate "2018.08.12"]
[EventType "swiss"]
[EventCountry "BEL"]
[SourceTitle "playchess.com"]
[Source "ChessBase"]
[SourceQuality "1"]
[TimeControl "5400+30"]

1. c4 {[%emt 0:00:00]} Nf6 {[%emt 0:01:14]} 2. Nc3 {[%emt 0:01:39]} e5 {[%emt 0:08:13]} 3. g3 {[%emt 0:00:43]} Bb4 {[%emt 0:07:53]} 4. Nf3 {[%emt 0:00:59]} d6 {[%emt 0:06:53]} 5. Qa4+ {[%emt 0:00:22]} Nc6 {[%emt 0:00:53]} 6. Nd5 {[%emt 0:00:05]} Bc5 {[%emt 0:02:17]} 7. b4 {[%emt 0:00:44]} Bb6 {[%emt 0:03:10]} 8. Nxb6 {[%emt 0:00:16]} cxb6 {[%emt 0:00:10]} 9. d3 {[%emt 0:01:04]} O-O {[%emt 0:01:42]} 10. Bg2 {[%emt 0:00:05]} Bd7 {[%emt 0:05:19]} 11. b5 {[%emt 0:00:55]} Ne7 {[%emt 0:02:43]} 12. Qb4 {[%emt 0:00:33]} Ne8 {[%emt 0:02:58]} 13. a4 {[%emt 0:00:57]} Qc7 {[%emt 0:11:04]} 14. Nxe5 {[%emt 0:00:32]} Be6 {[%emt 0:04:48]} 15. Nf3 {[%emt 0:00:55]} a5 {[%emt 0:14:28]} 16. Qb2 {[%emt 0:00:29]} d5 {[%emt 0:03:33]} 17. Bf4 {[%emt 0:00:10]} Qc8 {[%emt 0:08:15]} 18. cxd5 {[%emt 0:00:43]} Nxd5 {[%emt 0:01:23]} 19. Rc1 {[%emt 0:00:03]} Qd8 {[%emt 0:01:32]} 20. Bg5 {[%emt 0:00:17]} f6 {[%emt 0:05:51]} 21. Nd4 {[%emt 0:00:09]} Bf7 {[%emt 0:00:34]} 22. Bd2 {[%emt 0:00:04]} Qd7 {[%emt 0:01:34]} 23. h4 {[%emt 0:00:39]} Nd6 {[%emt 0:04:23]} 24. Bh3 {[%emt 0:00:06]} Qe7 {[%emt 0:00:19]} 25. O-O {[%emt 0:00:05]} Nc7 {[%emt 0:00:49]} 26. e4 {[%emt 0:00:24]} Ne6 {[%emt 0:00:31]} 27. Nxe6 {[%emt 0:00:58]} Bxe6 {[%emt 0:00:08]} 28. Bxe6+ {[%emt 0:00:12]} Qxe6 {[%emt 0:00:04]} 29. Qd4 {[%emt 0:00:07]} Nf7 {[%emt 0:01:18]} 30. Be3 {[%emt 0:00:20]} Rfd8 {[%emt 0:00:29]} 31. Qxb6 {[%emt 0:00:21]} Qxb6 {[%emt 0:00:31]} 32. Bxb6 {[%emt 0:00:06]} Rxd3 {[%emt 0:00:08]} 33. Rfd1 {[%emt 0:00:07]} Ne5 {[%emt 0:00:51]} 34. Rxd3 {[%emt 0:00:35]} Nxd3 {[%emt 0:00:07]} 35. Rc7 {[%emt 0:00:14]} Nb2 {[%emt 0:00:54]} 36. Bd4 {[%emt 0:00:07]} Nd3 {[%emt 0:00:30]} 37. Rxb7 {[%emt 0:00:09]} Re8 {[%emt 0:00:30]} 38. b6 {[%emt 0:00:14]} Nb4 {[%emt 0:00:30]} 39. Rd7 {[%emt 0:01:04]} Nc6 {[%emt 0:00:29]} 40. b7 {[%emt 0:00:15]} Nxd4 {[%emt 0:00:31]} 41. Rc7 {[%emt 0:01:33]} Nc6 {[%emt 0:00:29]} 42. Rxc6 {[%emt 0:00:06]} Kf7 {[%emt 0:00:31]} 43. Rc8 {[%emt 0:00:07]} Rxe4 {[%emt 0:00:30]} 44. b8=Q {[%emt 0:00:09]} 1-0

[Event "Bruges Masters 2018"]
[Site "Brugge"]
[Date "2018.08.16"]
[Round "6"]
[White "Wan, Yunguo"]
[Black "Rajesh, V A V"]
[Result "1/2-1/2"]
[WhiteElo "2501"]
[BlackElo "2325"]
[Annotator "ChessBase"]
[PlyCount "107"]
[EventDate "2018.08.12"]
[EventType "swiss"]
[EventCountry "BEL"]
[SourceTitle "playchess.com"]
[Source "ChessBase"]
[SourceQuality "1"]
[TimeControl "5400+30"]

1. e4 {[%emt 0:00:00]} e5 {[%emt 0:00:00]} 2. Nf3 {[%emt 0:00:21]} Nc6 {[%emt 0:00:00]} 3. Bc4 {[%emt 0:00:06]} Bc5 {[%emt 0:00:00]} 4. c3 {[%emt 0:00:28]} Nf6 {[%emt 0:00:18]} 5. d4 {[%emt 0:00:19]} exd4 {[%emt 0:00:20]} 6. e5 {[%emt 0:00:05]} d5 {[%emt 0:00:23]} 7. Bb5 {[%emt 0:00:05]} Ne4 {[%emt 0:00:43]} 8. cxd4 {[%emt 0:00:22]} Bb6 {[%emt 0:00:10]} 9. Nc3 {[%emt 0:00:11]} O-O {[%emt 0:00:55]} 10. Be3 {[%emt 0:00:05]} Bg4 {[%emt 0:04:58]} 11. h3 {[%emt 0:00:28]} Bh5 {[%emt 0:00:13]} 12. Qc2 {[%emt 0:00:08]} Bg6 {[%emt 0:06:03]} 13. Qb3 {[%emt 0:00:49]} Ne7 {[%emt 0:00:42]} 14. O-O {[%emt 0:00:14]} c6 {[%emt 0:00:47]} 15. Bd3 {[%emt 0:00:15]} Nd2 {[%emt 0:19:20]} 16. Nxd2 {[%emt 0:01:02]} Bxd3 {[%emt 0:00:06]} 17. Rfe1 {[%emt 0:00:08]} Nf5 {[%emt 0:05:40]} 18. Na4 {[%emt 0:08:16]} Bb5 {[%emt 0:01:34]} 19. Nxb6 {[%emt 0:01:10]} axb6 {[%emt 0:00:29]} 20. a4 {[%emt 0:02:24]} Ba6 {[%emt 0:00:10]} 21. Qc2 {[%emt 0:10:11]} Nxe3 {[%emt 0:04:47]} 22. Rxe3 {[%emt 0:01:57]} Qh4 {[%emt 0:07:07]} 23. Nf3 {[%emt 0:00:56]} Qe7 {[%emt 0:00:26]} 24. Rb3 {[%emt 0:08:30]} Bb5 {[%emt 0:02:34]} 25. Rba3 {[%emt 0:04:19]} Bc4 {[%emt 0:01:34]} 26. Nd2 {[%emt 0:07:01]} Be2 {[%emt 0:06:05]} 27. Qb3 {[%emt 0:08:53]} Qg5 {[%emt 0:04:15]} 28. Qe3 {[%emt 0:10:56]} Qxe3 {[%emt 0:00:43]} 29. Rxe3 {[%emt 0:00:04]} Bc4 {[%emt 0:04:15]} 30. b3 {[%emt 0:02:18]} Ba6 {[%emt 0:00:05]} 31. b4 {[%emt 0:01:50]} Bc4 {[%emt 0:01:52]} 32. Rc3 {[%emt 0:01:51]} Rfd8 {[%emt 0:05:13]} 33. f4 {[%emt 0:01:24]} Ra6 {[%emt 0:00:50]} 34. Kf2 {[%emt 0:03:23]} Bb5 {[%emt 0:00:53]} 35. Rca3 {[%emt 0:01:09]} Rda8 {[%emt 0:00:09]} 36. a5 {[%emt 0:00:04]} g6 {[%emt 0:00:27]} 37. Nb1 {[%emt 0:03:01]} c5 {[%emt 0:07:44]} 38. bxc5 {[%emt 0:01:43]} bxc5 {[%emt 0:01:09]} 39. Nc3 {[%emt 0:02:35]} Bc4 {[%emt 0:00:32]} 40. dxc5 {[%emt 0:00:36]} Rc6 {[%emt 0:01:44]} 41. Rb1 {[%emt 0:02:31]} Rxc5 {[%emt 0:00:24]} 42. Rxb7 {[%emt 0:00:09]} Rcxa5 {[%emt 0:00:27]} 43. Rxa5 {[%emt 0:00:29]} Rxa5 {[%emt 0:00:03]} 44. Rd7 {[%emt 0:00:12]} Kf8 {[%emt 0:02:02]} 45. Ke3 {[%emt 0:03:08]} Bf1 {[%emt 0:01:16]} 46. Nxd5 {[%emt 0:03:04]} Bxg2 {[%emt 0:00:56]} 47. Nf6 {[%emt 0:00:34]} Ra3+ {[%emt 0:02:23]} 48. Kd4 {[%emt 0:04:56]} Bxh3 {[%emt 0:02:04]} 49. Rd8+ {[%emt 0:00:30]} Kg7 {[%emt 0:00:12]} 50. Rg8+ {[%emt 0:00:18]} Kh6 {[%emt 0:00:08]} 51. Rh8 {[%emt 0:00:16]} g5 {[%emt 0:01:14]} 52. Rxh7+ {[%emt 0:01:35]} Kg6 {[%emt 0:00:05]} 53. fxg5 {[%emt 0:00:41]} Be6 {[%emt 0:00:28]} 54. Ke4 {[%emt 0:09:00]} 1/2-1/2

[Event "Bruges Masters 2018"]
[Site "Brugge"]
[Date "2018.08.16"]
[Round "6"]
[White "Lai, Hing Ting"]
[Black "Pel, Bonno"]
[Result "1-0"]
[WhiteElo "2459"]
[BlackElo "2281"]
[Annotator "ChessBase"]
[PlyCount "91"]
[EventDate "2018.08.12"]
[EventType "swiss"]
[EventCountry "BEL"]
[SourceTitle "playchess.com"]
[Source "ChessBase"]
[SourceQuality "1"]
[TimeControl "5400+30"]

1. Nf3 {[%emt 0:00:00]} g6 {[%emt 0:02:16]} 2. g3 {[%emt 0:00:30]} Bg7 {[%emt 0:00:11]} 3. d4 {[%emt 0:00:10]} d6 {[%emt 0:00:17]} 4. Bg2 {[%emt 0:00:28]} Nf6 {[%emt 0:01:28]} 5. b3 {[%emt 0:01:20]} c5 {[%emt 0:06:51]} 6. c4 {[%emt 0:00:19]} Nc6 {[%emt 0:02:12]} 7. Bb2 {[%emt 0:00:37]} Qa5+ {[%emt 0:05:38]} 8. Bc3 {[%emt 0:00:32]} Qc7 {[%emt 0:00:30]} 9. Nbd2 {[%emt 0:02:32]} cxd4 {[%emt 0:10:04]} 10. Nxd4 {[%emt 0:00:20]} Nxd4 {[%emt 0:00:35]} 11. Bxd4 {[%emt 0:00:13]} O-O {[%emt 0:00:10]} 12. O-O {[%emt 0:01:23]} Bd7 {[%emt 0:00:28]} 13. Rc1 {[%emt 0:03:02]} Bc6 {[%emt 0:06:22]} 14. e4 {[%emt 0:00:30]} Nd7 {[%emt 0:01:22]} 15. Be3 {[%emt 0:01:31]} Qa5 {[%emt 0:05:15]} 16. Qc2 {[%emt 0:02:16]} Rfc8 {[%emt 0:01:38]} 17. Nf3 {[%emt 0:04:18]} Nc5 {[%emt 0:05:05]} 18. Nd4 {[%emt 0:00:34]} Bd7 {[%emt 0:00:18]} 19. Qe2 {[%emt 0:03:21]} a6 {[%emt 0:02:27]} 20. Rc2 {[%emt 0:01:38]} b5 {[%emt 0:05:31]} 21. Rb1 {[%emt 0:03:25]} Qd8 {[%emt 0:12:33]} 22. Qd2 {[%emt 0:02:59]} Rab8 {[%emt 0:02:16]} 23. cxb5 {[%emt 0:02:12]} axb5 {[%emt 0:00:10]} 24. Rbc1 {[%emt 0:00:18]} b4 {[%emt 0:01:33]} 25. Ne2 {[%emt 0:01:58]} Bb5 {[%emt 0:03:31]} 26. Nf4 {[%emt 0:01:09]} Bc3 {[%emt 0:01:03]} 27. Qd1 {[%emt 0:00:12]} Bc6 {[%emt 0:03:50]} 28. f3 {[%emt 0:05:53]} Bb5 {[%emt 0:04:36]} 29. Nd5 {[%emt 0:04:20]} Nd3 {[%emt 0:01:57]} 30. Rb1 {[%emt 0:00:30]} e6 {[%emt 0:01:47]} 31. Nxc3 {[%emt 0:00:25]} bxc3 {[%emt 0:00:13]} 32. a4 {[%emt 0:05:02]} Ba6 {[%emt 0:01:36]} 33. Bf1 {[%emt 0:00:48]} Nb2 {[%emt 0:00:45]} 34. Rcxb2 {[%emt 0:02:42]} Bxf1 {[%emt 0:01:21]} 35. Rc2 {[%emt 0:00:01]} Ba6 {[%emt 0:01:08]} 36. b4 {[%emt 0:02:38]} f5 {[%emt 0:00:27]} 37. exf5 {[%emt 0:01:35]} gxf5 {[%emt 0:00:07]} 38. Bd4 {[%emt 0:02:33]} Qg5 {[%emt 0:03:17]} 39. b5 {[%emt 0:01:40]} Bb7 {[%emt 0:00:20]} 40. Qe2 {[%emt 0:01:06]} Bd5 {[%emt 0:01:27]} 41. Rxc3 {[%emt 0:01:52]} Rxc3 {[%emt 0:00:55]} 42. Bxc3 {[%emt 0:00:01]} f4 {[%emt 0:00:11]} 43. Rb4 {[%emt 0:00:51]} Rf8 {[%emt 0:03:27]} 44. Qd3 {[%emt 0:06:06]} Qh5 {[%emt 0:01:38]} 45. Qd4 {[%emt 0:00:48]} Qg5 {[%emt 0:00:56]} 46. Qh8+ {[%emt 0:00:18]} 1-0